Statistics for Countries By Average Elevation

Click here to take the quiz!

General Stats

  • This quiz has been taken 13 times
  • The average score is 11 of 15

Answer Stats

Average Elevation(Feet)Answer% Correct
10,761Bhutan
100%
10,712Nepal
100%
10,453Tajikistan
100%
6,184Afghanistan
100%
9,803Kyrgyzstan
92%
6,138Chile
83%
5,102Peru
83%
6,037China
75%
5,013Mongolia
75%
6,549Andorra
67%
5,879Armenia
58%
4,698Georgia
58%
7,090Lesotho
50%
5,243Rwanda
50%
4,934Burundi
42%

Score Distribution

Percentile by Number Answered

Percent of People with Each Score

Your Score History

You have not taken this quiz